[Event "Verseau"]
[Site "Chambly CAN"]
[Date "2025.02.26"]
[Round "3.2"]
[White "Choquette, Maxime"]
[Black "Cournoyer, Raphael"]
[Result "0-1"]
[WhiteElo "1605"]
[BlackElo "1758"]
[WhiteFideId "-1"]
[WhiteFideId "-1"]
[PlyCount "56"]
[GameId "2191150456956453"]
[EventDate "2025.02.12"]
[EventType "swiss"]
[EventRounds "4"]
[EventCountry "CAN"]

1. e4 c6 2. Nf3 d5 3. d3 dxe4 4. dxe4 Qxd1+ 5. Kxd1 g6 6. Bd2 Nf6 7. Nc3 Bg7 8. Ne1 O-O 9. f3 b5 10. Nd3 e6 11. Ke2 Nbd7 12. Kf2 Nb6 13. Rd1 Nc4 14. Bc1 Nd7 15. Nb4 Nb8 16. Bxc4 bxc4 17. Na4 a5 18. Nb6 Ra7 19. Be3 Rb7 20. Nxc6 Nxc6 21. Nxc4 Rb8 22. Bc5 Re8 23. Rd6 Bb7 24. Rd7 Ne5 25. Rxb7 Nxc4 26. Rxb8 Rxb8 27. b3 Rc8 28. b4 Na3 0-1

[Event "Verseau"]
[Site "Chambly CAN"]
[Date "2025.02.26"]
[Round "3.3"]
[White "Longpre, Martin"]
[Black "Hudon, Paul"]
[Result "0-1"]
[WhiteElo "1555"]
[BlackElo "1688"]
[WhiteFideId "-1"]
[WhiteFideId "-1"]
[PlyCount "66"]
[GameId "2191150456956454"]
[EventDate "2025.02.12"]
[EventType "swiss"]
[EventRounds "4"]
[EventCountry "CAN"]

1. e4 c5 2. Nf3 h6 3. d4 cxd4 4. Nxd4 Nf6 5. Nc3 e5 6. Nf3 Bb4 7. Bd2 d6 8. Nd5 Bxd2+ 9. Nxd2 Nxd5 10. exd5 O-O 11. Be2 Nd7 12. O-O f5 13. c4 a5 14. Qc2 Nc5 15. a3 a4 16. b4 axb3 17. Nxb3 Qc7 18. Nxc5 Qxc5 19. Qb3 f4 20. Bf3 Bf5 21. Rfe1 Rf7 22. Qb4 Qc7 23. Be4 Bxe4 24. Rxe4 f3 25. g4 Qe7 26. Qe1 Qh4 27. Qf1 Raf8 28. h3 h5 29. Rae1 Rf4 30. Rxf4 Rxf4 31. gxh5 Rxc4 32. Re3 Qg5+ 33. Kh2 Rc1 0-1

[Event "Verseau"]
[Site "Chambly CAN"]
[Date "2025.02.26"]
[Round "3.4"]
[White "Cousineau, Francois"]
[Black "Kelly, Patrick"]
[Result "1-0"]
[WhiteElo "1757"]
[BlackElo "1542"]
[WhiteFideId "-1"]
[WhiteFideId "-1"]
[PlyCount "47"]
[GameId "2191150456956455"]
[EventDate "2025.02.12"]
[EventType "swiss"]
[EventRounds "4"]
[EventCountry "CAN"]

1. e4 e5 2. Nf3 Nc6 3. d4 exd4 4. Nxd4 Nf6 5. Nxc6 bxc6 6. e5 Qe7 7. Qe2 Nd5 8. h4 a5 9. c4 Qb4+ 10. Nd2 Ba6 11. Qe4 Ne7 12. b3 d5 13. exd6 cxd6 14. Bb2 d5 15. Qe3 O-O-O 16. O-O-O Ng8 17. cxd5 Bxf1 18. Rhxf1 Rxd5 19. Qe8+ Kb7 20. Nc4 Qe7 21. Nxa5+ Rxa5 22. Rd7+ Qxd7 23. Qxd7+ Kb8 24. Qd8+ 1-0

[Event "Verseau"]
[Site "Chambly CAN"]
[Date "2025.02.26"]
[Round "3.5"]
[White "Bedard, Michel"]
[Black "Kerhuel-Lefebvre, Stephane"]
[Result "0-1"]
[WhiteElo "1539"]
[BlackElo "1697"]
[WhiteFideId "-1"]
[WhiteFideId "-1"]
[PlyCount "96"]
[GameId "2191150456956456"]
[EventDate "2025.02.12"]
[EventType "swiss"]
[EventRounds "4"]
[EventCountry "CAN"]

1. d4 Nf6 2. Nc3 d5 3. Bf4 c6 4. e3 g6 5. h4 Bg7 6. Be2 h5 7. Nf3 Nbd7 8. Ne5 a5 9. Bh2 Nxe5 10. Bxe5 Bd7 11. Bd3 Rg8 12. Qf3 Qb6 13. O-O-O Bg4 14. Qf4 Bxd1 15. Bc7 Qa7 16. Kxd1 Ng4 17. Na4 Rc8 18. Be2 Bh6 19. Qg3 Nf6 20. Bd3 b5 21. Bb6 Qb7 22. Bxa5 bxa4 23. Bc3 Qd7 24. Ke2 Qg4+ 25. Qxg4 Nxg4 26. Ba6 Rb8 27. a3 Kd7 28. Bb4 f5 29. Bd3 e5 30. dxe5 Nxe5 31. Rd1 Nxd3 32. Rxd3 Bg7 33. c4 Ke6 34. cxd5+ cxd5 35. Rd2 Rgc8 36. f3 Rc4 37. e4 fxe4 38. fxe4 Rxe4+ 39. Kd1 Rxh4 40. Rc2 Rhxb4 41. axb4 Rxb4 42. Rc6+ Kf5 43. Rc5 Ke4 44. Rc6 Kf5 45. Rc5 Be5 46. b3 axb3 47. Rc1 Rc4 48. Rb1 b2 0-1

[Event "Verseau"]
[Site "Chambly CAN"]
[Date "2025.02.26"]
[Round "3.6"]
[White "Despres, Alain"]
[Black "Taylor, Paul"]
[Result "1-0"]
[WhiteElo "1455"]
[BlackElo "1363"]
[WhiteFideId "-1"]
[WhiteFideId "-1"]
[PlyCount "67"]
[GameId "2191150456956457"]
[EventDate "2025.02.12"]
[EventType "swiss"]
[EventRounds "4"]
[EventCountry "CAN"]

1. Nf3 Nf6 2. g3 g6 3. Bg2 Bg7 4. O-O c6 5. d4 d6 6. c4 O-O 7. Nc3 Nbd7 8. e4 Ne8 9. Re1 c5 10. d5 a6 11. Rb1 Nc7 12. Ne2 b5 13. b3 Nb6 14. Nd2 b4 15. f4 a5 16. Nf3 a4 17. Bb2 axb3 18. axb3 Bg4 19. Bxg7 Kxg7 20. h3 Bxf3 21. Bxf3 Qc8 22. Bg4 Qb7 23. Nc1 Rh8 24. e5 h5 25. Bf3 Qc8 26. Kh2 Qf5 27. Be4 Qc8 28. Qd3 Rh6 29. exd6 f5 30. Bxf5 gxf5 31. Rxe7+ Kf6 32. Rxc7 Qe8 33. Re7 Qf8 34. Qe3 1-0

[Event "Verseau"]
[Site "Chambly CAN"]
[Date "2025.02.26"]
[Round "3.7"]
[White "Poirier, Dany"]
[Black "Dubreuil, Raymond"]
[Result "1/2-1/2"]
[WhiteElo "1340"]
[BlackElo "1485"]
[WhiteFideId "-1"]
[WhiteFideId "-1"]
[PlyCount "72"]
[GameId "2191150456956458"]
[EventDate "2025.02.12"]
[EventType "swiss"]
[EventRounds "4"]
[EventCountry "CAN"]

1. e4 c5 2. Nf3 d6 3. Bc4 e6 4. Nc3 a6 5. O-O b5 6. Be2 Nf6 7. d3 Bb7 8. h3 Be7 9. e5 dxe5 10. Nxe5 Qc7 11. Bf3 Nbd7 12. Nxd7 Qxd7 13. Bxb7 Qxb7 14. Re1 O-O 15. Ne4 Rad8 16. Qe2 Nxe4 17. dxe4 e5 18. Qh5 Bf6 19. Qg4 Qd7 20. Qf3 Qd4 21. c3 Qd3 22. Be3 c4 23. Re2 Qd7 24. Rd2 Qc7 25. Rad1 Rxd2 26. Rxd2 Rd8 27. Qe2 Rxd2 28. Qxd2 Qd8 29. Kf1 Qxd2 30. Bxd2 Kf8 31. Ke2 Ke7 32. g4 h6 33. Be3 Kd6 34. f4 exf4 35. Bxf4+ Be5 36. Ke3 g5 1/2-1/2

[Event "Verseau"]
[Site "Chambly CAN"]
[Date "2025.02.26"]
[Round "3.8"]
[White "St-Laurent, Luc"]
[Black "Pincince, Jacques"]
[Result "1/2-1/2"]
[WhiteElo "1404"]
[BlackElo "1398"]
[WhiteFideId "-1"]
[WhiteFideId "-1"]
[PlyCount "53"]
[GameId "2191150456956459"]
[EventDate "2025.02.12"]
[EventType "swiss"]
[EventRounds "4"]
[EventCountry "CAN"]

1. d4 d5 2. Nf3 Nf6 3. g3 Bf5 4. Bg2 Nc6 5. O-O Nb4 6. Na3 e6 7. c3 Nc6 8. Nb1 h6 9. Nbd2 Be7 10. Ne5 Nxe5 11. dxe5 Ng4 12. e4 dxe4 13. Qa4+ c6 14. Nxe4 Nxe5 15. Rd1 Qc8 16. Bf4 Bxe4 17. Qxe4 Ng6 18. Bd6 O-O 19. Rd3 Bxd6 20. Rxd6 Qc7 21. Rad1 Rad8 22. Qd4 Rxd6 23. Qxd6 Qb6 24. b3 Qa5 25. Qd7 Qb6 26. Qd6 Qa5 27. Qd7 1/2-1/2

[Event "Verseau"]
[Site "Chambly CAN"]
[Date "2025.03.05"]
[Round "4.1"]
[White "Cournoyer, Raphael"]
[Black "Milette, Patrick"]
[Result "1/2-1/2"]
[WhiteElo "1758"]
[BlackElo "1659"]
[WhiteFideId "-1"]
[WhiteFideId "-1"]
[PlyCount "54"]
[GameId "2191150456956468"]
[EventDate "2025.02.12"]
[EventType "swiss"]
[EventRounds "4"]
[EventCountry "CAN"]

1. d4 Nf6 2. Nf3 g6 3. c4 c5 4. d5 b5 5. cxb5 a6 6. bxa6 Bxa6 7. Nc3 Bg7 8. e4 Bxf1 9. Kxf1 d6 10. g3 O-O 11. Kg2 e6 12. Re1 exd5 13. exd5 Nbd7 14. Bg5 Qb6 15. Qd2 Ng4 16. Rac1 Nge5 17. Nxe5 Nxe5 18. b3 Qa6 19. a4 Nd3 20. Nb5 Nxe1+ 21. Qxe1 Rfe8 22. Qd2 Qb6 23. Rc4 f5 24. Bf4 Be5 25. Bg5 Bg7 26. Bf4 Be5 27. Bg5 Bg7 1/2-1/2

[Event "Verseau"]
[Site "Chambly CAN"]
[Date "2025.03.05"]
[Round "4.2"]
[White "Hudon, Paul"]
[Black "Cousineau, Francois"]
[Result "1-0"]
[WhiteElo "1688"]
[BlackElo "1757"]
[WhiteFideId "-1"]
[WhiteFideId "-1"]
[PlyCount "129"]
[GameId "2191150456956469"]
[EventDate "2025.02.12"]
[EventType "swiss"]
[EventRounds "4"]
[EventCountry "CAN"]

1. Nf3 c5 2. c4 g6 3. Nc3 Bg7 4. g3 Nc6 5. Bg2 d6 6. O-O e5 7. e3 Be6 8. Nd5 h6 9. d4 Nge7 10. Qb3 Na5 11. Qa4+ Bd7 12. Qc2 Nxd5 13. cxd5 cxd4 14. exd4 O-O 15. b3 exd4 16. Bb2 d3 17. Qd2 Bxb2 18. Qxb2 Bb5 19. Qd2 Kh7 20. h4 b6 21. h5 Qf6 22. hxg6+ fxg6 23. Qb4 Ba6 24. Nd4 Nb7 25. Ne6 Rf7 26. Qa4 Na5 27. Nf4 d2 28. Be4 Bxf1 29. Rxf1 Rc7 30. Qb4 Nb7 31. Bxg6+ Kh8 32. Qxd2 Qg5 33. Re1 Rf8 34. Bb1 Rg7 35. Qd4 Qf6 36. Qxf6 Rxf6 37. Nh5 Rff7 38. Nxg7 Kxg7 39. Re6 Rc7 40. Kg2 Nd8 41. Rxd6 Nf7 42. Rc6 Rd7 43. Be4 Ne5 44. Re6 Nf7 45. f4 Nd6 46. Kf3 Nb5 47. Rg6+ Kf8 48. Rxh6 Kg8 49. Bf5 Nd4+ 50. Ke4 Nxf5 51. Kxf5 Rxd5+ 52. Kg6 Rd6+ 53. Kg5 Rd2 54. Kg6 Rd6+ 55. Kg5 Rd2 56. f5 Rxa2 57. f6 Rd2 58. Kg6 Rd6 59. Rh2 a5 60. Rc2 Rd8 61. Rc6 Rb8 62. Rc7 b5 63. Rg7+ Kh8 64. Rh7+ Kg8 65. f7+ 1-0

[Event "Verseau"]
[Site "Chambly CAN"]
[Date "2025.03.05"]
[Round "4.3"]
[White "Kerhuel-Lefebvre, Stephane"]
[Black "Longpre, Martin"]
[Result "0-1"]
[WhiteElo "1697"]
[BlackElo "1555"]
[WhiteFideId "-1"]
[WhiteFideId "-1"]
[PlyCount "128"]
[GameId "2191150456956470"]
[EventDate "2025.02.12"]
[EventType "swiss"]
[EventRounds "4"]
[EventCountry "CAN"]

1. e4 c6 2. Nf3 d5 3. d3 Bg4 4. exd5 cxd5 5. Be2 Nc6 6. c3 Nf6 7. d4 e6 8. O-O Be7 9. Re1 O-O 10. Nbd2 Qc7 11. Nf1 Rfe8 12. h3 Bh5 13. Bg5 Ne4 14. Bxe7 Rxe7 15. Bd3 Ng5 16. Be2 Nxf3+ 17. Bxf3 Bxf3 18. Qxf3 Qb6 19. Rab1 Rd8 20. Ne3 Red7 21. Qg4 Qc7 22. Qg5 h6 23. Qh5 Ne7 24. Qf3 Ng6 25. Ng4 Qf4 26. Qxf4 Nxf4 27. Ne5 Re7 28. Kh2 f6 29. Ng4 h5 30. Ne3 h4 31. Nf5 Ree8 32. Nxh4 Kf7 33. g3 Rh8 34. gxf4 Rxh4 35. Kg3 Rdh8 36. Rh1 Kg6 37. a4 Kf5 38. a5 Rxf4 39. Rbe1 g5 40. Re2 Rfh4 41. f3 e5 42. dxe5 fxe5 43. b3 e4 44. fxe4+ dxe4 45. Rf1+ Rf4 46. Rfe1 Rf3+ 47. Kg2 Rfxh3 48. Rxe4 Rh2+ 49. Kf1 Rh1+ 50. Kf2 R8h2+ 51. Kg3 Rh3+ 52. Kf2 Rxe1 53. Rxe1 Rxc3 54. a6 Rxb3 55. axb7 Rxb7 56. Ra1 Kg4 57. Kg2 Kh5 58. Ra5 Rg7 59. Kf3 Kh4 60. Kg2 Kg4 61. Kh2 Kf3 62. Kg1 g4 63. Ra6 g3 64. Ra2 Re7 0-1

[Event "Verseau"]
[Site "Chambly CAN"]
[Date "2025.03.05"]
[Round "4.5"]
[White "Taylor, Paul"]
[Black "Bedard, Michel"]
[Result "1-0"]
[WhiteElo "1363"]
[BlackElo "1539"]
[WhiteFideId "-1"]
[WhiteFideId "-1"]
[PlyCount "151"]
[GameId "2191150456956472"]
[EventDate "2025.02.12"]
[EventType "swiss"]
[EventRounds "4"]
[EventCountry "CAN"]

1. e4 e5 2. Nf3 Nf6 3. Bc4 Nxe4 4. Nc3 Nxc3 5. dxc3 f6 6. O-O d6 7. Nh4 g6 8. f4 f5 9. Nf3 e4 10. Ng5 Bg7 11. Nf7 Qe7 12. Nxh8 Bxh8 13. Qd5 c6 14. Qg8+ Qf8 15. Qxh7 Qg7 16. Qh4 d5 17. Be3 Qg8 18. Bc5 Qg7 19. Bd4 Qf8 20. Bxh8 dxc4 21. Rad1 Nd7 22. Qh7 Qf7 23. Qh4 Qe6 24. Be5 Qe7 25. Qh8+ Qf8 26. Qh7 Qf7 27. Bg7 Nf6 28. Qh8+ Ng8 29. Bd4 Be6 30. Qe5 Ne7 31. Qc7 Bc8 32. Bc5 Nd5 33. Qe5+ Be6 34. Qd4 b6 35. Qh8+ Qg8 36. Qxg8+ Bxg8 37. Bd4 c5 38. Bf2 Nxf4 39. Bg3 Ne6 40. Rd6 Rd8 41. Rfd1 Rxd6 42. Rxd6 Ke7 43. Rd1 f4 44. Be1 g5 45. g3 f3 46. Kf2 Bh7 47. Ke3 g4 48. Rd5 Bg6 49. b3 Nc7 50. Rg5 Kf6 51. Rxg4 Bf5 52. Rh4 Nd5+ 53. Kf2 cxb3 54. cxb3 Kg6 55. c4 Nf6 56. h3 Nh7 57. Bd2 Ng5 58. Bxg5 Kxg5 59. Rh8 Kf6 60. h4 Ke5 61. Rd8 Ke6 62. Ra8 Ke5 63. Ke3 f2 64. Kxf2 Kd4 65. Rxa7 e3+ 66. Ke1 Kd3 67. Ra6 e2 68. Rxb6 Bg4 69. a4 Kc3 70. a5 Bf3 71. a6 Kd3 72. a7 Kc3 73. Rb8 Kb2 74. a8=Q Bxa8 75. Rxa8 Kxb3 76. Kxe2 1-0

[Event "Verseau"]
[Site "Chambly CAN"]
[Date "2025.03.05"]
[Round "4.6"]
[White "Pincince, Jacques"]
[Black "Despres, Alain"]
[Result "1/2-1/2"]
[WhiteElo "1398"]
[BlackElo "1455"]
[WhiteFideId "-1"]
[WhiteFideId "-1"]
[PlyCount "50"]
[GameId "2191150456956473"]
[EventDate "2025.02.12"]
[EventType "swiss"]
[EventRounds "4"]
[EventCountry "CAN"]

1. e4 d6 2. g3 Nf6 3. Bg2 e5 4. Nc3 Nc6 5. d3 Nd4 6. Nce2 Nxe2 7. Nxe2 Be7 8. O-O O-O 9. h3 c6 10. Kh2 d5 11. f4 Qc7 12. f5 dxe4 13. dxe4 Rd8 14. Qe1 b6 15. g4 Ba6 16. Be3 g6 17. Bf3 Bxe2 18. Qxe2 Nd7 19. fxg6 fxg6 20. Qc4+ Kg7 21. Bg2 Rf8 22. Qe6 Qd6 23. Qc4 Rxf1 24. Rxf1 Rf8 25. Rxf8 Nxf8 1/2-1/2

[Event "Verseau"]
[Site "Chambly CAN"]
[Date "2025.03.05"]
[Round "4.7"]
[White "Morasse, Daniel"]
[Black "St-Laurent, Luc"]
[Result "1-0"]
[WhiteElo "1347"]
[BlackElo "1404"]
[WhiteFideId "-1"]
[WhiteFideId "-1"]
[PlyCount "65"]
[GameId "2191150456956474"]
[EventDate "2025.02.12"]
[EventType "swiss"]
[EventRounds "4"]
[EventCountry "CAN"]

1. e4 c5 2. c3 Nf6 3. e5 Nd5 4. d4 cxd4 5. cxd4 d6 6. exd6 e6 7. Nf3 Nc6 8. Be2 Bxd6 9. O-O O-O 10. Nc3 Nxc3 11. bxc3 Qc7 12. Bd3 Ne7 13. Bd2 f5 14. h3 Ng6 15. c4 Nf4 16. Bxf4 Bxf4 17. Re1 Bd7 18. c5 Qd8 19. Bc4 Qf6 20. Qb3 Rfe8 21. Re2 Kh8 22. Rae1 Bc6 23. d5 Bd7 24. dxe6 Bxe6 25. Rxe6 Rxe6 26. Rxe6 Qa1+ 27. Re1 Qf6 28. Qb5 Qg6 29. Qd7 h6 30. Bf7 Qf6 31. Kf1 Rf8 32. Re8 Qa6+ 33. Kg1 1-0

[Event "Verseau U1400"]
[Site "Chambly CAN"]
[Date "2025.02.12"]
[Round "1.9"]
[White "Lauzon, Francois"]
[Black "Doyon, Martin"]
[Result "0-1"]
[WhiteElo "1224"]
[BlackElo "1317"]
[WhiteFideId "-1"]
[WhiteFideId "-1"]
[PlyCount "50"]
[GameId "2191150456894990"]
[EventDate "2025.02.12"]
[EventType "swiss"]
[EventRounds "4"]
[EventCountry "CAN"]

1. e4 d6 2. d4 Nf6 3. Nc3 g6 4. Nf3 Bg7 5. Bc4 O-O 6. O-O c6 7. d5 b5 8. Be2 b4 9. Na4 Nxe4 10. dxc6 Qc7 11. Nd4 Nxc6 12. Be3 Nxd4 13. Bxd4 Bb7 14. Bxg7 Kxg7 15. f3 Nf6 16. b3 Rac8 17. Rc1 Qa5 18. c4 bxc3 19. Nxc3 Rxc3 20. Qd2 Rfc8 21. Bc4 Qc5+ 22. Kh1 Rxc1 23. Rxc1 d5 24. b4 Qc7 25. Re1 dxc4 0-1

[Event "Verseau U1400"]
[Site "Chambly CAN"]
[Date "2025.02.12"]
[Round "1.10"]
[White "Lecompte, Christian"]
[Black "Laplante, Germain"]
[Result "1-0"]
[WhiteElo "1275"]
[BlackElo "1212"]
[WhiteFideId "-1"]
[WhiteFideId "-1"]
[PlyCount "33"]
[GameId "2191150456894991"]
[EventDate "2025.02.12"]
[EventType "swiss"]
[EventRounds "4"]
[EventCountry "CAN"]

1. e4 c6 2. d4 d5 3. exd5 cxd5 4. Nf3 a6 5. Be2 h6 6. O-O Bf5 7. Bd3 Bg4 8. h3 Bxf3 9. Qxf3 e6 10. Nc3 Qf6 11. Qg3 Qxd4 12. Be3 Qb4 13. Qc7 Nc6 14. Bb6 Rb8 15. Rfe1 Bd6 16. Rxe6+ fxe6 17. Bg6+ 1-0

[Event "Verseau U1400"]
[Site "Chambly CAN"]
[Date "2025.02.12"]
[Round "1.11"]
[White "Coutu, Olivier"]
[Black "Rebhi, Mohamed"]
[Result "1/2-1/2"]
[WhiteElo "1192"]
[BlackElo "1247"]
[WhiteFideId "-1"]
[WhiteFideId "-1"]
[PlyCount "91"]
[GameId "2191150456894992"]
[EventDate "2025.02.12"]
[EventType "swiss"]
[EventRounds "4"]
[EventCountry "CAN"]

1. d4 Nf6 2. Nc3 d5 3. Bf4 Nh5 4. Bd2 g6 5. Nf3 Bg7 6. e3 c6 7. h3 Nf6 8. Bd3 Nbd7 9. Qe2 Qc7 10. O-O O-O 11. e4 e5 12. dxe5 Nxe5 13. Bf4 Nxf3+ 14. Qxf3 dxe4 15. Nxe4 Qd8 16. Bg5 Bf5 17. Nxf6+ Bxf6 18. Bh6 Bxd3 19. Rad1 Bg7 20. Bxg7 Kxg7 21. Rxd3 Qc7 22. Rfd1 Rad8 23. Rxd8 Rxd8 24. Rxd8 Qxd8 25. Qc3+ f6 26. f3 Qd5 27. Qb3 Qxb3 28. cxb3 f5 29. Kf2 f4 30. a4 Kf6 31. h4 h6 32. g3 g5 33. hxg5+ hxg5 34. g4 a5 35. Ke2 Ke5 36. Kd3 Kd5 37. Kc3 Kc5 38. Kd3 Kd5 39. Kc3 c5 40. Kd3 Ke5 41. Kc4 b6 42. Kd3 Kd5 43. Kc3 Kd6 44. Kd3 Kd5 45. Kc3 Kd6 46. Kd3 1/2-1/2

[Event "Verseau U1400"]
[Site "Chambly CAN"]
[Date "2025.02.12"]
[Round "1.12"]
[White "Isabel, Patrick"]
[Black "Pepin, Pierre-Luc"]
[Result "1-0"]
[WhiteElo "1262"]
[BlackElo "1079"]
[WhiteFideId "-1"]
[WhiteFideId "-1"]
[PlyCount "49"]
[GameId "2191150456894993"]
[EventDate "2025.02.12"]
[EventType "swiss"]
[EventRounds "4"]
[EventCountry "CAN"]

1. d4 d5 2. Nc3 c5 3. e3 a6 4. Nf3 e6 5. Be2 Nc6 6. O-O Nf6 7. b3 Bd6 8. dxc5 Bxc5 9. Re1 O-O 10. Bb2 Re8 11. a3 b5 12. b4 Bd6 13. Nb1 Bb7 14. Nbd2 Qc7 15. Nb3 Qb6 16. Bxf6 gxf6 17. Bd3 f5 18. Ng5 h6 19. Nh3 Be5 20. Nf4 Bxa1 21. Qxa1 Qd8 22. Nh5 Qg5 23. Nf6+ Kf8 24. Nh7+ Kg8 25. Nxg5 1-0

[Event "Verseau U1400"]
[Site "Chambly CAN"]
[Date "2025.02.12"]
[Round "1.13"]
[White "Barhoumi, Amine"]
[Black "Hebert, Sebastien"]
[Result "1-0"]
[WhiteElo "1124"]
[BlackElo "1262"]
[WhiteFideId "-1"]
[WhiteFideId "-1"]
[PlyCount "85"]
[GameId "2191150456894994"]
[EventDate "2025.02.12"]
[EventType "swiss"]
[EventRounds "4"]
[EventCountry "CAN"]

1. Nf3 d5 2. d4 Nf6 3. c4 e6 4. Nc3 a6 5. cxd5 exd5 6. Bg5 c6 7. e3 Be7 8. Bd3 h6 9. Bf4 Nh5 10. Be5 Nf6 11. h3 Bd6 12. Bxd6 Qxd6 13. O-O O-O 14. Ne5 Nbd7 15. f4 c5 16. Be2 c4 17. a4 Qe6 18. b3 Nxe5 19. fxe5 Nh7 20. Bg4 Qc6 21. Bxc8 Raxc8 22. bxc4 Qxc4 23. Ne2 Ng5 24. Rc1 Qa2 25. Nf4 Rxc1 26. Qxc1 Qc4 27. Qxc4 dxc4 28. Rc1 b5 29. Nd5 Ne4 30. Nb4 Ra8 31. g4 g5 32. Kg2 Kg7 33. Kf3 Nd2+ 34. Ke2 Ne4 35. Rc2 Kg6 36. Kf3 Nc5 37. dxc5 f5 38. exf6 Kxf6 39. c6 Ke5 40. c7 Kd6 41. Nxa6 Kc6 42. Rb2 bxa4 43. Rb8 1-0

[Event "Verseau U1400"]
[Site "Chambly CAN"]
[Date "2025.02.12"]
[Round "1.14"]
[White "Bonin, Francis"]
[Black "Raymond, Pierre"]
[Result "1-0"]
[WhiteElo "1250"]
[BlackElo "1112"]
[WhiteFideId "-1"]
[WhiteFideId "-1"]
[PlyCount "77"]
[GameId "2191150456894995"]
[EventDate "2025.02.12"]
[EventType "swiss"]
[EventRounds "4"]
[EventCountry "CAN"]

1. e4 e5 2. Nf3 Nc6 3. Bc4 Bc5 4. d3 Nf6 5. Be3 Bxe3 6. fxe3 d6 7. h3 O-O 8. c3 Nh5 9. g4 Nf6 10. Nbd2 Na5 11. Qe2 Nxc4 12. Nxc4 b5 13. Ncd2 c5 14. d4 c4 15. O-O-O Bb7 16. d5 a5 17. g5 Nd7 18. h4 Nc5 19. Qg2 Nd3+ 20. Kc2 Ba6 21. h5 b4 22. g6 h6 23. Rdg1 Qe8 24. b3 cxb3+ 25. axb3 Rc8 26. c4 Bxc4 27. Nxc4 Rxc4+ 28. bxc4 Qa4+ 29. Kxd3 Qb3+ 30. Ke2 Qxc4+ 31. Ke1 f6 32. Nh4 Rc8 33. Kf2 Qa2+ 34. Kf3 Rc2 35. Rc1 b3 36. Rxc2 bxc2 37. Qg4 Kf8 38. Qc8+ Ke7 39. Nf5# 1-0

[Event "Verseau U1400"]
[Site "Chambly CAN"]
[Date "2025.02.12"]
[Round "1.15"]
[White "Monette, Andre"]
[Black "Vallee, Genevieve"]
[Result "0-1"]
[WhiteElo "1106"]
[BlackElo "1243"]
[WhiteFideId "-1"]
[WhiteFideId "-1"]
[PlyCount "64"]
[GameId "2191150456894996"]
[EventDate "2025.02.12"]
[EventType "swiss"]
[EventRounds "4"]
[EventCountry "CAN"]

1. e4 e5 2. Nf3 Nf6 3. Nc3 Nc6 4. a3 Bc5 5. b4 Bb6 6. Bc4 d6 7. Ng5 O-O 8. d3 Bg4 9. Bxf7+ Rxf7 10. Nf3 Nd4 11. h3 Nxf3+ 12. gxf3 Bh5 13. Rg1 Ne8 14. Nd5 Bxf2+ 15. Kxf2 Rxf3+ 16. Qxf3 Bxf3 17. Kxf3 c6 18. Bg5 Qd7 19. Rg3 cxd5 20. Rf1 dxe4+ 21. dxe4 Qb5 22. Rf2 Rc8 23. Kg2 Qa4 24. Be7 h6 25. Rf8+ Kh7 26. Rf7 Qxc2+ 27. Rf2 Qxe4+ 28. Rgf3 Rc2 29. Rxc2 Qxc2+ 30. Kg3 d5 31. Rf8 d4 32. Rxe8 Qg6+ 0-1

[Event "Verseau U1400"]
[Site "Chambly CAN"]
[Date "2025.02.12"]
[Round "1.16"]
[White "Tse, Edwin"]
[Black "Capotorto, Michele"]
[Result "1-0"]
[WhiteElo "1231"]
[BlackElo "962"]
[WhiteFideId "-1"]
[WhiteFideId "-1"]
[PlyCount "61"]
[GameId "2191150456940053"]
[EventDate "2025.02.12"]
[EventType "swiss"]
[EventRounds "4"]
[EventCountry "CAN"]

1. d4 d5 2. Bg5 g6 3. e3 Be6 4. Nf3 f6 5. Bf4 Nh6 6. Bd3 Bf5 7. a4 e6 8. c3 c6 9. c4 g5 10. Bg3 Bg4 11. Nc3 Bb4 12. h3 Bh5 13. O-O a5 14. c5 Bxc3 15. bxc3 f5 16. Be5 Rg8 17. Re1 g4 18. hxg4 Bxg4 19. Rb1 Qd7 20. Be2 Bh3 21. Nh4 Ng4 22. Bg3 Qg7 23. gxh3 Nf6 24. Qb3 Ne4 25. Qxb7 Qxb7 26. Rxb7 Nd7 27. Kh2 Nxc3 28. Bh5+ Kf8 29. Bd6+ Kg7 30. Rxd7+ Kh6 31. Bf4+ 1-0

[Event "Verseau U1400"]
[Site "Chambly CAN"]
[Date "2025.02.19"]
[Round "2.8"]
[White "Doyon, Martin"]
[Black "Tse, Edwin"]
[Result "0-1"]
[WhiteElo "1317"]
[BlackElo "1231"]
[WhiteFideId "-1"]
[WhiteFideId "-1"]
[PlyCount "50"]
[GameId "2191150456952349"]
[EventDate "2025.02.12"]
[EventType "swiss"]
[EventRounds "4"]
[EventCountry "CAN"]

1. Nf3 Nf6 2. g3 d5 3. d3 c6 4. Bg2 Bg4 5. O-O e6 6. Nbd2 Nbd7 7. e4 Bd6 8. Re1 O-O 9. a4 a5 10. b3 Be5 11. Rb1 Qb6 12. Bb2 Bxb2 13. Rxb2 Nc5 14. Qb1 dxe4 15. Nxe4 Nfxe4 16. dxe4 Qb4 17. Ne5 Bh5 18. Nd3 Nxd3 19. cxd3 Rad8 20. e5 Rxd3 21. Qxd3 Qxe1+ 22. Qf1 Qxe5 23. Rd2 Qc3 24. Rd3 Qc2 25. h3 Be2 0-1

[Event "Verseau U1400"]
[Site "Chambly CAN"]
[Date "2025.02.19"]
[Round "2.9"]
[White "Vallee, Genevieve"]
[Black "Isabel, Patrick"]
[Result "0-1"]
[WhiteElo "1243"]
[BlackElo "1262"]
[WhiteFideId "-1"]
[WhiteFideId "-1"]
[PlyCount "100"]
[GameId "2191150456956446"]
[EventDate "2025.02.12"]
[EventType "swiss"]
[EventRounds "4"]
[EventCountry "CAN"]

1. e4 b6 2. Nf3 Bb7 3. Nc3 e6 4. d4 Bb4 5. Bd3 Ne7 6. Bd2 O-O 7. Bg5 h6 8. Bh4 d5 9. e5 c5 10. a3 Bxc3+ 11. bxc3 c4 12. Be2 Nd7 13. Nd2 f6 14. Bg4 f5 15. Bh3 g5 16. Qh5 gxh4 17. Qxh6 Rf7 18. Qxe6 Nf8 19. Qh6 Rh7 20. Qf4 Nfg6 21. Qg5 Bc8 22. Nf3 Kh8 23. Qf6+ Kg8 24. Ng5 Rg7 25. e6 Qf8 26. Nf7 Rxf7 27. exf7+ Qxf7 28. Qxf7+ Kxf7 29. O-O-O Nf4 30. Rde1 Bd7 31. Re3 Re8 32. Rf3 Neg6 33. Re3 Rxe3 34. fxe3 Nxh3 35. gxh3 Kf6 36. Kd2 Be6 37. Rg1 b5 38. Ke2 a6 39. Kf3 Nh8 40. Kf4 Ng6+ 41. Kf3 Ne7 42. Kf4 Nc8 43. Rg5 Ne7 44. Rh5 Ng6+ 45. Kf3 Bf7 46. Rh7 Ke6 47. Rh6 Kf6 48. Rh7 Ke7 49. Rh6 Kf8 50. Rh5 Ne5+ 0-1

[Event "Verseau U1400"]
[Site "Chambly CAN"]
[Date "2025.02.19"]
[Round "2.10"]
[White "Barhoumi, Amine"]
[Black "Bonin, Francis"]
[Result "1-0"]
[WhiteElo "1124"]
[BlackElo "1250"]
[WhiteFideId "-1"]
[WhiteFideId "-1"]
[PlyCount "131"]
[GameId "2191150456956447"]
[EventDate "2025.02.12"]
[EventType "swiss"]
[EventRounds "4"]
[EventCountry "CAN"]

1. Nf3 d5 2. d4 Nf6 3. c4 Bf5 4. Nc3 e6 5. Qb3 b6 6. Bg5 Be7 7. Bxf6 Bxf6 8. cxd5 exd5 9. Qxd5 Qxd5 10. Nxd5 Bd8 11. Rc1 c6 12. Nf4 O-O 13. Ne5 Bc7 14. g3 Bxe5 15. dxe5 Nd7 16. Rxc6 Be4 17. Bg2 Bxc6 18. Bxc6 Rad8 19. e6 Rc8 20. Bxd7 Rc1+ 21. Kd2 Rxh1 22. e7 Rb8 23. h4 Rb1 24. Kc2 Rf1 25. Nd3 h6 26. e8=Q+ Rxe8 27. Bxe8 g5 28. hxg5 hxg5 29. a3 Rh1 30. Ne5 f6 31. Nd3 Rh7 32. Bg6 Re7 33. e4 Kg7 34. Bf5 Re8 35. f4 Rh8 36. fxg5 Rh2+ 37. Kc3 fxg5 38. g4 Re2 39. e5 Kf7 40. e6+ Kf6 41. Kd4 Rc2 42. Kd5 Ke7 43. Ne5 Rc5+ 44. Kd4 a5 45. Ng6+ Kd6 46. e7 Rd5+ 47. Kc3 Rc5+ 48. Kb3 Rb5+ 49. Ka2 Re5 50. Bc2 Rxe7 51. Nxe7 Kxe7 52. b4 Kd6 53. bxa5 bxa5 54. Kb3 Kc5 55. Bd3 Kc6 56. Kc4 Kb6 57. a4 Kc6 58. Kd4 Kd6 59. Bf5 Kc6 60. Ke5 Kc5 61. Kf6 Kb4 62. Bd7 Kc5 63. Kxg5 Kd6 64. Bb5 Ke7 65. Kg6 Kf8 66. Kh7 1-0